| 000 | 00786cam a2200253u 4500 | ||
|---|---|---|---|
| 001 | 7030565 | ||
| 003 | ARRUPE | ||
| 005 | 20160307083515.0 | ||
| 008 | 810430s1959 gw ef 000 0 ger | ||
| 010 | _a 61048144 | ||
| 040 |
_aDLC _cCarP _dDLC |
||
| 043 | _ae------ | ||
| 050 | 0 | 0 |
_aNA390 _b.B813 |
| 100 | 1 |
_aBusch, Harald, _d1904 _eed. _922674 |
|
| 245 | 1 | 0 |
_aBaukunst der Romanik in Europa, _cby Busch, Harald |
| 250 | _a[2. Aufl.] | ||
| 260 |
_aFrankfurt am Main, _bUmschau Verlag _c[1959] |
||
| 300 |
_axxxi, 225p.; _bplans. _c27 cm. |
||
| 650 | 0 |
_aArchitecture, Romanesque. _922675 |
|
| 650 | 0 |
_aArchitecture _zEurope. _922676 |
|
| 700 | 1 |
_aLohse, Bernd, [from old catalog] _ejoint ed. _922677 |
|
| 906 |
_a0 _bcbc _cpremunv _du _encip _f19 _gy-gencatlg |
||
| 942 |
_2lcc _cMONOGRAPH |
||
| 999 |
_c124282 _d124282 |
||